000 00267nam a22001097a 4500
082 _a808.066 GLI'R
100 _aGLIDEN, H. K
_980399
245 _aREPORTS TECHANICAL WRITING AND SPECIFICATION
260 _aNEWYORK
_bMCGRAW HILL
_c1964
300 _a312P
942 _cBK
999 _c585342
_d585342